000 00284nam a2200109Ia 4500
008 190902s9999||||xx |||||||||||||| ||und||
100 _aVas,Gratian
245 4 _aThe Sterling book of Business Letters
260 _anew delhi
_bA sterling paperback
_c1996
300 _a173p.:
942 _cBK
999 _c2811
_d2811